000 00666nam a22002417a 4500
005 20250507105919.0
008 250507b |||||||| |||| 00| 0 eng d
037 _cTB
040 _aLCT
_cLCT
041 _2eng
_aeng
_heng
084 _aZ,7,15 Q16
100 _aPillai, P S A
_9754889
245 _aCriminal Law /
250 _a13th ed.
260 _aGurgaon, India:
_bLexis Nexis,
_c2017
300 _acxxv, 1111p.
650 _aCriminal Law
650 _aIndian Evidence Act
650 _a Code of Criminal Procedure
_9754890
650 _alaw of crime
650 _aIndian Penal Code
942 _2CC
_cGB
_hZ,7,15 Q16
_n0
999 _c1312950
_d1312950